000 00958njm a22002657a 4500
005 20100915113826.0
007 sd ammalaaahaa
008 100914t xxu||||| |||| 00| 0 eng d
028 _aECLP. 5456
_bHis Master's Voice
035 _aGR-02595
100 _919854
_aMangeshkar, Lata
245 _aGulzar side. 1 & 2 /
_cby Lata Mangeshkar ; music Rahul Dev Burman
_h[sound recording] :
260 _aDum Dum, India
_bHis Master's Voice
_c1976
300 _a1 sound disc [Gramophone record] :
_banalog, 33 1/3 rpm
_c12 in. (LP)
_fGramophone record
500 _aBrief record.
500 _aHis Master's Voice
500 _aOrange
505 _aMora gora ang laileJab bhi ye dil udas hota hai
650 _aClassical Music
_xExcerpts
_zIndia
_919855
_vFilmi song
700 _91184
_aBurman, Rahul Dev
700 _919963
700 _920097
942 _2ddc
_cGR
999 _c45887
_d45887